000
00316nam a2200121Ia 4500
008
240624s9999 xx 000 0 und d
041
_a
eng
082
_a
658.056754 OJE
100
_a
OJEDA ZAPATA JULIO
245
_a
TWITTER MEANS BUSINESS HOW MICROBLOGGING
260
_c
2008
_a
California
_b
Happy About
365
_c
RS
999
_c
15944
_d
15944